Osiedla Nowego Sącza - Statystyki

Ogólne statystyki
  • Ten quiz został rozwiązany 88 razy
  • Średni wynik to 16 z 25
Statystyki odpowiedzi
Populacja
(31.12.018)
Nazwa osiedla % Poprawnych
5867 Barskie
86%
4477 Helena
80%
1449 Biegonice
78%
4206 Millenium
78%
4844 Zawada
78%
2239 Stare Miasto
75%
3704 Gorzków
73%
3554 Wólki
71%
6707 Wojska Polskiego
69%
1211 Zabełcze
69%
1657 Centrum
66%
6284 Kochanowskiego
66%
691 Chruślice
63%
4146 Gołąbkowice
63%
2605 Poręba Mała
63%
1954 Dąbrówka
61%
4486 Nawojowska
59%
653 Kilińskiego
58%
3467 Przydworcowe
56%
3163 Kaduk
54%
1763 Piątkowa
54%
4121 Przetakówka
54%
4398 Szujskiego
53%
3271 Westerplatte
49%
1440 Falkowa
42%
Nie znaleziono quizów pasujących do podanych kryteriów
Rozkład punktacji
Procent ludzi z każdym wynikiem
Percentyl według liczby udzielonych odpowiedzi
Twoja historia wyników
Nie rozwiązałeś tego quizu